Guess the Disney scene #3 - Statistics

General Stats
  • This quiz has been taken 32 times
  • The average score is 7 of 15
Answer Stats
Picture Answer % Correct
the jungle book
96%
frozen
74%
Pocahontas
70%
ratatouille
67%
the emperor's new groove
63%
the hunchback of Notre Dame
63%
Aladdin
59%
Luca
48%
chicken little
44%
Incredibles 2
37%
the jungle book 2
33%
cars 2
30%
fantasia 2000
22%
the good dinosaur
11%
Vaiana
11%
No matching quizzes found
Score Distribution
Percent of People with Each Score
Percentile by Number Answered
Your Score History
You have not taken this quiz